Yemen Country Quiz - Statistics

General Stats
  • This quiz has been taken 9 times
  • The average score is 6 of 13
Answer Stats
Hint Answer % Correct
Capital Sanaa
100%
Main Language Arabic
86%
Borders Oman
71%
Main Ally Saudi Arabia
71%
Borders Saudi Arabia
71%
United Since 1990
57%
Formerly South Yemen
57%
Formerly North Yemen
43%
Number of Administrative Areas 22
29%
Houthi Leader Abdul-Malik al-Houthi
14%
Yemeni President Rashad al-Alimi
14%
Currency Yemeni Rial
14%
Main Export Scrap Iron
0%
No matching quizzes found
Score Distribution
Percent of People with Each Score
Percentile by Number Answered
Your Score History
You have not taken this quiz